00277nam a22001097a 4500020001500000082001500015100001900030245004500049260004400094300000800138650002100146 a0195154355 a297.72 ESP aEsposito, John aUnholy War , Terror in the Name of Islam aNew YarkbOxford University Pressc2002 a196 aIslam- Terrorism